Thermodynamics for engineers (Record no. 7756)

000 -LEADER
fixed length control field 00491nam a22001817a 4500
001 - CONTROL NUMBER
control field 7756
003 - CONTROL NUMBER IDENTIFIER
control field BD-DhUET
008 - FIXED-LENGTH DATA ELEMENTS--GENERAL INFORMATION
fixed length control field 141211b xxu||||| |||| 00| 0 eng d
040 ## - CATALOGING SOURCE
Transcribing agency 0
Modifying agency BD-DhUET
082 ## - DEWEY DECIMAL CLASSIFICATION NUMBER
Classification number 621.01
Item number DOO/1964
100 ## - MAIN ENTRY--PERSONAL NAME
Personal name Doolittle, Jesse S.
245 ## - TITLE STATEMENT
Title Thermodynamics for engineers
Statement of responsibility, etc. by Jesse S. Doolittle
250 ## - EDITION STATEMENT
Edition statement 2nd ed.
260 ## - PUBLICATION, DISTRIBUTION, ETC. (IMPRINT)
Place of publication, distribution, etc. Pennsylvania
Name of publisher, distributor, etc. International Textbook Company
Date of publication, distribution, etc. 1964
300 ## - PHYSICAL DESCRIPTION
Extent xvii, 660p.
650 #0 - SUBJECT ADDED ENTRY--TOPICAL TERM
Topical term or geographic name as entry element Thermodynamics engineering
942 ## - ADDED ENTRY ELEMENTS (KOHA)
Koha item type General Book
Holdings
Copy number Piece designation (barcode) Shelving location Price effective from Lost status Sublocation or collection (holding branch) Location (home branch) Koha item type Not for loan Date acquired Koha date last seen Withdrawn status Koha normalized classification for sorting Source of classification or shelving scheme Damaged status Koha full call number
116488Circulation section2014-12-11 Central Library, BUETCentral Library, BUETGeneral Book 2014-12-112014-12-11 621_010000000000000_DOO_1964  621.01/DOO/1964
216487Circulation section2015-04-09 Central Library, BUETCentral Library, BUETGeneral Book 2015-04-092015-04-09 621_010000000000000_DOO_1964  621.01/DOO/1964
316489Circulation section2015-04-12 Central Library, BUETCentral Library, BUETGeneral Book 2015-04-122015-04-12 621_010000000000000_DOO_1964  621.01/DOO/1964
416491Circulation section2015-04-12 Central Library, BUETCentral Library, BUETGeneral Book 2015-04-122015-04-12 621_010000000000000_DOO_1964  621.01/DOO/1964
516490Reading section2015-06-15 Central Library, BUETCentral Library, BUETReading Item 2015-06-152015-06-15 621_010000000000000_DOO_1964  621.01/DOO/1964